Linkin Park: Papercut Lyrics - Statistics

General Stats
  • This quiz has been taken 255 times
  • The average score is 26 of 46
Answer Stats
Lyrics Missing Lyrics % Correct
* Chorus End * * Chorus End *
82%
* Chorus Start * * Chorus Start *
82%
* Chorus x2 * * Chorus x2 *
82%
* Chorus x2 * * Chorus x2 *
82%
(It watches __________.) everything
81%
(It watches __________.) everything
81%
Why does it feel like _____ today? night
81%
Face that watches every time I ___. lie
80%
to have a _____ in the back of my head. voice
78%
It’s like the face inside is right _______ __ ____. beneath my skin
77%
Like a ____ that I hold inside. face
76%
________’s all I’ve got left. Paranoia
75%
Why am I so _______ today? uptight
75%
It’s like a _________ inside of my head. whirlwind
73%
It’s like I ___’_ ____ what I’m hearing within. can’t stop
72%
You’ve got a face on the ______ too. inside
71%
It’s like I’m paranoid; looking ____ __ ____. over my back
71%
Face that laughs every time I ____. fall
70%
So I know now when it’s time to ____ __ ____, sink or swim
68%
but I know just what __ _____ ____ it feels like
63%
or how the _______ was fed, pressure
61%
Points out all my ________ to me. mistakes
60%
A face that ______ every time they fall. laughs
58%
Your paranoia’s ________ _____. probably worse
58%
A face that _______ every time they lie. watches
58%
I don’t know what _______ me first, stressed
56%
A face that awakes when I _____ __ ____. close my eyes
54%
_________ has a face that they hold inside. everybody
51%
Face that ______ when I close my eyes. awakes
50%
_____ inside your skin. right
50%
Something in the ___’s not right today. air
45%
right _________ my skin. underneath
44%
The ___ ____ ____. sun goes down
40%
The ___ ____ ____. sun goes down
40%
that the face inside is _______ me, hearing
36%
I feel the _____ ______ __. light betray me
32%
I feel the _____ ______ __. light betray me
32%
I can’t ___ __ to what you can, but add up
29%
Everybody acts like the ____ __ ___ ______ is fact of the matter
29%
I know I’ve got a ____ __ __. face in me
28%
The face inside is right _______ ____ ____. beneath your skin
27%
The face inside is right _______ ____ ____. beneath your skin
27%
The face inside is right _______ ____ ____. beneath your skin
27%
I don’t know what ___ __ ___ first but I know what I can’t stand. set me off
27%
that the face inside is ________ ___ ___, watching you too
18%
So ___ ____ ____ when it’s time to sink or swim, you know that
9%
No matching quizzes found
Score Distribution
Percent of People with Each Score
Percentile by Number Answered
Your Score History
You have not taken this quiz